000 00745nam a2200217Ia 4500
001 9089
003 GE_BSU
008 181216s||||||||xx |||||||||||||| ||und||
040 _cGE_BSU
080 _a821.353.1-91-144
245 _aლექსი მოყმისა
245 _bქართული ხალხური ბალადები
245 _cმხატვ:კ.ხუციშვილი,რედ:გ.ხორნაული
260 _aთბილისი.
260 _bნაკადული.
260 _c1967.
300 _a18გვ;17სმ.ილ.
653 _aლექსი მოყმისა
653 _aქართული ხალხური ბალადები
942 _cBK
999 _c42393
_d42393